000 00727nam a2200229 a 4500
001 54700
003 BD-RjUL
005 20211209080146.0
008 161109s1963 enk 001 0 eng d
035 _a(BD-RjUL)54822
040 _aRETROCON/NYGG (BNG)
_cBNG
_dBNG
_dWSU
_dVXM
_dUKM
_dEQO
_dBD-RjUL
_beng
041 _aeng
082 _a892.7
_223
_bGIA 1963
100 1 _aGibb, H. A. R.
_q(Hamilton Alexander Rosskeen),
_d1895-1971.
_9162954
245 1 0 _aArabic literature :
_ban introduction /
_cby H.A.R. Gibb.
250 _a2nd rev. ed.
260 _aOxford :
_bClarendon Press,
_cc1963.
300 _ax, 182 p. ;
_c20 cm.
504 _aIncludes index and Bibliography
650 0 _aArabic literature
_9163112
942 _2ddc
_cBK
999 _c54700
_d54700